| Tag |
First Indicator |
Second Indicator |
Subfields |
| LEADER |
00000cam a2200000 a 4500 |
| 001 |
in00000009098 |
| 005 |
20151007051456.0 |
| 008 |
870730s1987 enk b 00010 eng d |
| 020 |
|
|
|a 0860791165 (pbk.) :
|c $6.50
|
| 035 |
|
|
|a (OCoLC)16317678
|
| 035 |
|
|
|9 AAA3173AM
|
| 040 |
|
|
|a XBM
|c TXA
|d XBM
|d UtOrBLW
|
| 049 |
|
|
|a TXAM
|c 1 [A12567984]
|a TXAS [mil]
|
| 050 |
|
4 |
|a U162
|b .A3 no. 222
|
| 100 |
1 |
|
|a Sabin, Philip A. G.
|
| 245 |
1 |
0 |
|a Shadow or substance? :
|b perceptions and symbolism in nuclear force planning /
|c Philip A.G. Sabin.
|
| 264 |
|
1 |
|a London :
|b International Institute for Strategic Studies,
|c 1987.
|
| 300 |
|
|
|a 72 pages ;
|c 22 cm.
|
| 336 |
|
|
|a text
|b txt
|2 rdacontent
|
| 337 |
|
|
|a unmediated
|b n
|2 rdamedia
|
| 338 |
|
|
|a volume
|b nc
|2 rdacarrier
|
| 490 |
1 |
|
|a Adelphi papers,
|x 0567-932X ;
|v 222
|
| 500 |
|
|
|a Cover title.
|
| 504 |
|
|
|a Includes bibliographical references.
|
| 500 |
|
|
|a "Summer 1987."
|
| 650 |
|
0 |
|a Nuclear weapons.
|
| 650 |
|
0 |
|a Nuclear warfare.
|
| 650 |
|
0 |
|a Military planning.
|
| 830 |
|
0 |
|a Adelphi papers ;
|v 222.
|
| 999 |
|
|
|a MARS
|
| 999 |
f |
f |
|s 742beffb-74bb-345e-a424-71427fa3fb9f
|i 7f2c4b2d-ab3a-352a-981a-72d2960ae753
|t 0
|
| 952 |
f |
f |
|p ric
|a Texas A&M University
|b Rellis Campus
|c Joint Library Facility
|d Remote Storage
|t 0
|e U162 .A3 no.222
|h Library of Congress classification
|i unmediated -- volume
|m A14812567984
|
| 952 |
f |
f |
|p noncirc
|a Texas A&M University
|b College Station
|c Cushing Memorial Library & Archives
|d Cushing: Ragan Military (Does not check out)
|t 0
|e U162 .A3 no.222
|h Library of Congress classification
|i unmediated -- volume
|
| 998 |
f |
f |
|a U162 .A3 no.222
|t 0
|l Remote Storage
|
| 998 |
f |
f |
|a U162 .A3 no.222
|t 0
|l Cushing: Ragan Military (Does not check out)
|